Gestió dels serveis socials locals : manual bàsic de referència / realització [de] CDI - Enric Garriga ; text i gràfics Albert Serra manual bàsic de referència / realització [de] CDI - Enric Garriga ; text i gràfics Albert Serra
ISBN:
84-7794-727-9
Descripción Física:
214 p. ; 24 cm + 1 CD-ROM
Materias:
Serveis socials -- Administració
MARC
| LEADER | 00000nam a2200000Ia 4500 | ||
|---|---|---|---|
| 001 | 12727 | ||
| 008 | 160829s2000 xx 000 0 cat d | ||
| 020 | |a 84-7794-727-9 | ||
| 080 | |a S-1-53 | ||
| 110 | 1 | |a Barcelona (Catalunya : Província). |b Àrea de Benestar Social |9 52988 | |
| 245 | |a Gestió dels serveis socials locals : |b manual bàsic de referència / realització [de] CDI - Enric Garriga ; text i gràfics Albert Serra | ||
| 260 | |a Barcelona : |b Diputació de Barcelona, Àrea de Benestar Social, |c 2000 | ||
| 300 | |a 214 p. ; |c 24 cm + 1 CD-ROM | ||
| 650 | |a Serveis socials |x Administració |9 37588 | ||
| 700 | |a Garriga, Enric |9 37589 | ||
| 700 | |a Serra, Albert |9 1553 | ||
| 901 | |a Arxiu | ||
| 942 | |n 1 | ||
| 952 | |0 0 |1 0 |4 0 |6 S153 |7 1 |9 47940 |a Arxiu |b Arxiu |d 2016-12-01 |l 0 |o S-1-53 |p 12727 |r 2016-12-01 00:00:00 |w 2016-12-01 |y ARXIU | ||
| 999 | |c 51740 |d 51740 | ||